000 00302nam a2200133Ia 4500
005 20250603145241.0
008 250603s9999 xx 000 0 und d
050 _aKP 64 .O5/
100 _aObi Okoye, A.
245 0 _aLaw in practice in Nigeria
250 _a2nd ed.
300 _a600 p
942 _cBK
999 _c41313
_d41313